Biblioteca

Hosea (Registro nro. 64673)

Detalles MARC
000 -LÍDER
Campo fijo de descripción fija 01414nam a22003614i 4500
001 - NÚMERO DE CONTROL
Campo de control 700447
003 - IDENTIFICADOR DEL NÚMERO DE CONTROL
Campo de control CAP
005 - FECHA Y HORA DE LA ULTIMA TRANSACCIÓN
control field 20181031071237.0
008 - ELEMENTOS DE LONGITUD FIJA -- INFORMACIÓN GENERAL
Campo fijo de descripción fija -- Información general 850223t19891990enk b 000 0 eng
010 ## - NÚMERO DE CONTROL DE LA BIBLIOTECA DEL CONGRESO
Número de control LC 72097951
020 ## - NÚMERO INTERNACIONAL NORMALIZADO PARA LIBROS
Número Internacional Normalizado del libro 0851116418
020 ## - NÚMERO INTERNACIONAL NORMALIZADO PARA LIBROS
Número Internacional Normalizado del libro 0851118437 (pbk.) :
040 ## - FUENTE DE CATALOGACIÓN
Agencia de catalogación original DLC
Agencia que realiza la modificación m.c.
-- CAP
-- UtOrBLW
Idioma de catalogación spa
Agencia que realiza la transcripción CO-MdFUSB
Convenciones de la descripción rda
041 ## - CÓDIGO DE IDIOMA
Código de idioma para texto/pista de sonido o título separado eng
082 ## - NÚMERO DE CLASIFICACIÓN DECIMAL DEWEY
Número de la edición del Dewey 23
Número de clasificación 224.607
Clave de autor-Numero de item H875
100 ## - ASIENTO PRINCIPAL--NOMBRE PERSONAL
Nombre personal Hubbard, David Allan
Término relacionador autor
Fechas asociadas con el nombre 1928-1996
245 10 - TÍTULO
Título del Material Hosea
Parte restante del título - Subtitulo : an introduction and commentary
Mención de responsabilidad, etc. / David Allan Hubbard
264 #1 - PRODUCCIÓN, PUBLICACIÓN, DISTRIBUCIÓN, MANUFACTURA, Y COPYRIGHT
Lugar de producción, publicación, distribución, manufactura Leicester, Inglaterra :
Nombre del productor, publicador, distribuidor Inter-Varsity Press,
Fecha de producción, publicación, distribución, manufactura, o copyright ℗[1989]
264 #4 - PRODUCCIÓN, PUBLICACIÓN, DISTRIBUCIÓN, MANUFACTURA, Y COPYRIGHT
Fecha de producción, publicación, distribución, manufactura, o copyright ©1989
300 ## - DESCRIPCIÓN FÍSICA
Extensión 234 páginas ;
Dimensiones 19 cm.
336 ## - TIPO DE CONTENIDO
Término de tipo de contenido texto
Código de tipo de contenido txt
Fuente rdacontent.
337 ## - TIPO DE MEDIO
Nombre del tipo de medio sin mediación
Código del tipo de medio n
Fuente rdamedia.
338 ## - TIPO DE SOPORTE
Nombre del tipo de soporte volumen
Código Tipo de soporte nc
Fuente rdacarrier.
490 ## - MENCIÓN DE SERIE
Mención de serie The Tyndale Old Testament commentaries.
504 ## - NOTA DE BIBLIOGRAFÍA, ETC.
Nota de bibliografía, etc Incluye bibliografía (página15)
505 ## - NOTA DE CONTENIDO
Nota de contenido con formato preestablecido Prefacio general -- Prefacio del autor -- Abreviaturas principales -- Bibliografía seleccionada -- Introducción -- La profecía de Oseas -- Lugar en el canon -- Época -- Escenario -- Unidad y composición -- Formas literarias -- Mensaje -- Análisis -- Comentario -- Notas adicionales
563 ## - NOTA DE ENCUADERNACIÓN
Nota de encuadernación Tapa rústica
630 #7 - TITULO UNIFORME
Título uniforme Biblia.
Nombre de parte o sección de la obra Oseas
Subdivisión de materia general Crítica, interpretación, etc.
700 ## - ASIENTO SECUNDARIO - NOMBRE PERSONAL
9 (RLIN) 1304
Nombre personal Wiseman, D. J.
Responsabilidad editor general
942 ## - TIPO DE MATERIAL (KOHA)
Tipo de Item KOHA Libros General
Existencias
Estado de Material Estado de Perdido Forma de Clasificación Estado de Dañado No para Préstamo Colección Biblioteca de Origen Biblioteca Permanente Fecha de Adquisición Total de Préstamos Signatura Topográfica Código de Barras Última vez visto Última vez Préstado Ejemplar/Existencia Fecha de Remplazo Tipo de Material
    Dewey Decimal Classification     Colección General Biblioteca FUSBC Biblioteca FUSBC 31/10/2018 1 G 224.607 H875h 1099 12/12/2019 10/11/2018 Ej. 1 31/10/2018 Libros General

Biblioteca FUSBC | Teléfono: (57+4) 349 88 10 Ext. 141| WhatsApp (+57) 3005338115 
E-mail: biblioteca@unisbc.edu.co | Calle 76 87-14 Robledo Palenque, Medellín, Colombia

Con tecnología Koha